A practical guide to pseudospectral methods (Record no. 7651)

000 -LEADER
fixed length control field 00483 a2200157 4500
020 ## - INTERNATIONAL STANDARD BOOK NUMBER
International Standard Book Number 0-521-49582-2
040 ## - CATALOGING SOURCE
Original cataloging agency DLC
Language of cataloging DLC
082 ## - DEWEY DECIMAL CLASSIFICATION NUMBER
Classification number 515
082 ## - DEWEY DECIMAL CLASSIFICATION NUMBER
Classification number 515.7242
100 1# - MAIN ENTRY--PERSONAL NAME
Personal name Fornberg, Bengt,
245 02 - TITLE STATEMENT
Title A practical guide to pseudospectral methods
Statement of responsibility, etc. Bengt Fornberg
260 ## - PUBLICATION, DISTRIBUTION, ETC.
Place of publication, distribution, etc. Cambridge :
Name of publisher, distributor, etc. Cambridge Univ. Press,
Date of publication, distribution, etc. cop. 1996
300 ## - PHYSICAL DESCRIPTION
Extent 231 s.
-- (ix, 231 s.)
440 #0 - SERIES STATEMENT/ADDED ENTRY--TITLE
Title Cambridge monographs on applied and computational mathematics,
Volume/sequential designation 1
942 ## - ADDED ENTRY ELEMENTS (KOHA)
Koha item type Book
Call number prefix 515.7242 FOR
Source of classification or shelving scheme
Holdings
Withdrawn status Lost status Damaged status Not for loan Collection code Permanent Location Current Location Shelving location Date acquired Source of acquisition Cost, normal purchase price Total Checkouts Full call number Barcode Date last seen Price effective from Koha item type
          Central Library (CL) Central Library (CL) General Stacks 02/06/2007 Progressive International Agencies 2905.00   515.7242 FOR SEECS008092 11/14/2012 01/05/2017 Book
© 2023 Central Library, National University of Sciences and Technology. All Rights Reserved.